[Event "12.PSF-B"]
[Site "Prague"]
[Date "2016.06.21"]
[Round "4.15"]
[White "Rous, Dominik"]
[Black "Zubek, Rudolf"]
[Result "1/2-1/2"]
[WhiteElo "1224"]
[BlackElo "1423"]
[PlyCount "57"]
[EventDate "2016.06.25"]
[EventType "swiss"]
[EventRounds "9"]
[EventCountry "CZE"]

1. e4 e5 2. Nf3 d6 3. Nc3 Nf6 4. d3 c6 5. Be3 Be7 6. Be2 O-O 7. O-O b5 8. a3
Bb7 9. d4 Nfd7 10. dxe5 Nxe5 11. Nxe5 dxe5 12. Qxd8 Bxd8 13. Rad1 Be7 14. f4
exf4 15. Bxf4 Na6 16. Rd7 Bc5+ 17. Kh1 Bc8 18. Rd2 Be6 19. Bd6 Rfd8 20. Rfd1
Be3 21. Rd3 Bg5 22. g3 h6 23. Bf4 Bf6 24. e5 Rxd3 25. Rxd3 Be7 26. Bf3 Nc5 27.
Rd1 Rc8 28. Ne4 a5 29. Nxc5 1/2-1/2

[Event "12.PSF-B"]
[Site "Prague"]
[Date "2016.06.22"]
[Round "5.1"]
[White "Kalvach, Ladislav"]
[Black "Novy, Filip"]
[Result "1/2-1/2"]
[WhiteElo "1777"]
[BlackElo "1966"]
[PlyCount "216"]
[EventDate "2016.06.25"]
[EventType "swiss"]
[EventRounds "9"]
[EventCountry "CZE"]

1. e4 c5 2. Ne2 e6 3. g3 d6 4. Bg2 g6 5. d4 Bg7 6. dxc5 dxc5 7. Qxd8+ Kxd8 8.
O-O Nc6 9. c3 Nge7 10. Na3 a6 11. Nc4 Kc7 12. Bf4+ e5 13. Be3 Be6 14. Nd2 b6
15. a3 Rhd8 16. b4 cxb4 17. axb4 Kb7 18. Rfb1 Na7 19. Bf1 Nb5 20. c4 Nd4 21.
Nxd4 exd4 22. Bf4 Rac8 23. c5 b5 24. Bd6 Nc6 25. f4 g5 26. f5 Bd7 27. Bg2 Re8
28. Ra3 Ka7 29. Rd3 h6 30. h3 Bf6 31. Kf2 Rcd8 32. Bc7 Rc8 33. Bd6 Rcd8 34. Nf1
Ne5 35. Bxe5 Rxe5 36. Nd2 Rde8 37. g4 Bc6 38. Ra3 R5e7 39. Ke2 Be5 40. Kd3 Bf4
41. Rba1 Bb7 42. Nb3 Kb8 43. c6 Bxc6 44. Rxa6 Bxe4+ 45. Bxe4 Rxe4 46. Ra8+ Kc7
47. R1a7+ Kd6 48. Rxe8 Rxe8 49. Nxd4 Re3+ 50. Kc2 Re4 51. Nxb5+ Kc6 52. Nc3
Rxb4 53. Rxf7 Be5 54. Re7 Bd4 55. Kd3 Kc5 56. Ne4+ Kd5 57. Nc3+ Kc5 58. Rc7+
Kd6 59. Rc4 Rxc4 60. Kxc4 Bh8 61. Kd3 Ke5 62. Ke3 Bf6 63. Ne4 Be7 64. Kf3 Kd5
65. Ng3 Ke5 66. Nh5 Bd8 67. Ke3 Be7 68. Kd3 Bd8 69. Kc4 Be7 70. Kb5 Ke4 71. Kc6
Kf3 72. Kd7 Ba3 73. f6 Kg2 74. Ke6 Kxh3 75. Kf5 Kh4 76. Ng7 Bb2 77. Nh5 Ba3 78.
f7 Bb4 79. Nf6 Ba3 80. Kg6 Bf8 81. Nd7 Be7 82. Ne5 Bf8 83. Kh7 Kg3 84. Kg8 Ba3
85. f8=Q Bxf8 86. Kxf8 Kf4 87. Kg7 Kxe5 88. Kxh6 Kf6 89. Kh5 Kf7 90. Kxg5 Kg7
91. Kf5 Kf7 92. Ke5 Kg6 93. Kf4 Kf6 94. g5+ Kg6 95. Kg4 Kg7 96. Kf5 Kf7 97. Ke5
Kg6 98. Kf4 Kg7 99. Kf5 Kf7 100. g6+ Kg7 101. Kg5 Kg8 102. Kf6 Kf8 103. Kf5 Kg7
104. Kg5 Kg8 105. Kh6 Kh8 106. Kg5 Kg7 107. Kf5 Kg8 108. Kf6 Kf8 1/2-1/2

[Event "12.PSF-B"]
[Site "Prague"]
[Date "2016.06.22"]
[Round "5.2"]
[White "Krnak, Vladimir"]
[Black "Koper, Stefan"]
[Result "0-1"]
[WhiteElo "1720"]
[BlackElo "1872"]
[PlyCount "50"]
[EventDate "2016.06.25"]
[EventType "swiss"]
[EventRounds "9"]
[EventCountry "CZE"]

1. d4 g6 2. e4 Bg7 3. f4 d5 4. e5 c5 5. Nf3 Bg4 6. Be2 Bxf3 7. Bxf3 e6 8. O-O
cxd4 9. Qxd4 Nc6 10. Qf2 h5 11. Nc3 a6 12. Be3 b5 13. Rfd1 Qc8 14. Bc5 Nge7 15.
b4 Nf5 16. a4 Bf8 17. axb5 Nxb4 18. Bxb4 Bxb4 19. Nxd5 exd5 20. Rxd5 axb5 21.
Rb1 Be7 22. Rdxb5 O-O 23. Bxa8 Qxa8 24. Rb7 Qa3 25. R1b3 Qc1+ 0-1

[Event "12.PSF-B"]
[Site "Prague"]
[Date "2016.06.22"]
[Round "5.3"]
[White "Magsumov, Rinat"]
[Black "Ruzicka, Vaclav"]
[Result "1-0"]
[WhiteElo "1599"]
[BlackElo "1635"]
[PlyCount "135"]
[EventDate "2016.06.25"]
[EventType "swiss"]
[EventRounds "9"]
[EventCountry "CZE"]

1. e4 c6 2. d4 d5 3. f3 e6 4. Bd3 Bd6 5. Nh3 h6 6. e5 Bc7 7. O-O Ne7 8. f4 Nf5
9. Qg4 h5 10. Qf3 Qh4 11. Bxf5 exf5 12. Nc3 Be6 13. Be3 Nd7 14. b4 Qe7 15. Rfb1
b6 16. b5 c5 17. Nxd5 Bxd5 18. Qxd5 Rd8 19. Qc6 Bb8 20. d5 O-O 21. d6 Qe6 22.
Ng5 Qc4 23. Rb3 Rfe8 24. Rc1 Nf8 25. Qf3 g6 26. h3 Ne6 27. Nxe6 Qxe6 28. Bf2
Kh7 29. Bh4 Rd7 30. Kh2 Bxd6 31. exd6 Rxd6 32. Rd3 Rxd3 33. Qxd3 Qxa2 34. Qd7
Qe6 35. Qxe6 Rxe6 36. Ra1 Re4 37. Rxa7 Rxf4 38. Kg3 Rb4 39. Rxf7+ Kg8 40. Rb7
Rxb5 41. Bd8 Rb2 42. Rxb6 Rxc2 43. Rxg6+ Kf7 44. Rg5 Ke6 45. Rxh5 c4 46. Rh7
Rd2 47. Ba5 Rd3+ 48. Kf4 Rd4+ 49. Ke3 Rd3+ 50. Ke2 Rd5 51. Bc3 Rd3 52. Be1 f4
53. Bd2 Rd4 54. Rh8 Kf5 55. Rf8+ Kg5 56. Rxf4 Rxf4 57. Bxf4+ Kxf4 58. Kd2 Ke5
59. Kc3 Kd5 60. g4 Ke5 61. Kxc4 Kf4 62. Kd5 Kg5 63. Ke6 Kg6 64. h4 Kh6 65. Kf7
Kh7 66. g5 Kh8 67. h5 Kh7 68. g6+ 1-0

[Event "12.PSF-B"]
[Site "Prague"]
[Date "2016.06.22"]
[Round "5.4"]
[White "Fiala, Jiri"]
[Black "Kosar, Milan"]
[Result "1-0"]
[WhiteElo "1934"]
[BlackElo "1668"]
[PlyCount "43"]
[EventDate "2016.06.25"]
[EventType "swiss"]
[EventRounds "9"]
[EventCountry "CZE"]

1. d4 Nf6 2. Nf3 c5 3. d5 d6 4. c4 g6 5. Nc3 Bg7 6. e4 O-O 7. h3 Na6 8. Be2 Bd7
9. Bg5 Nc7 10. Qd2 a6 11. e5 dxe5 12. Nxe5 b5 13. Nxd7 Qxd7 14. Bf3 bxc4 15. d6
exd6 16. Bxa8 Re8+ 17. Be4 Nxe4 18. Nxe4 Rxe4+ 19. Be3 d5 20. O-O d4 21. Bh6
Bh8 22. Rfe1 {Hm. Podle obou zapisu nyni cerny vzdal. Mozna mam tu partii blbe
...} 1-0

[Event "12.PSF-B"]
[Site "Prague"]
[Date "2016.06.22"]
[Round "5.5"]
[White "Vitek, Jan"]
[Black "Schoppe, Christian"]
[Result "0-1"]
[WhiteElo "1775"]
[BlackElo "1633"]
[PlyCount "52"]
[EventDate "2016.06.25"]
[EventType "swiss"]
[EventRounds "9"]
[EventCountry "CZE"]

1. d4 Nf6 2. e3 d5 3. f4 g6 4. Bd3 Bg7 5. Nf3 b6 6. Nbd2 Bb7 7. c3 a5 8. O-O
O-O 9. Ne5 Nbd7 10. Ndf3 Nxe5 11. Nxe5 c6 12. g4 Ne8 13. g5 f5 14. h4 Nd6 15.
h5 Bxe5 16. dxe5 Ne4 17. hxg6 hxg6 18. Kg2 Kg7 19. Bxe4 dxe4 20. b3 Qd3 21.
Qxd3 exd3 22. Rf2 Rh8 23. Bb2 Rh4 24. Rd2 c5+ 25. Kg3 Rg4+ 26. Kf2 Rh8 0-1

[Event "12.PSF-B"]
[Site "Prague"]
[Date "2016.06.22"]
[Round "5.6"]
[White "Rousek, Jan"]
[Black "Kuhnmund, Ivan"]
[Result "1/2-1/2"]
[WhiteElo "1421"]
[BlackElo "1703"]
[PlyCount "83"]
[EventDate "2016.06.25"]
[EventType "swiss"]
[EventRounds "9"]
[EventCountry "CZE"]

1. d4 e6 2. Nf3 b6 3. g3 Bb7 4. Bg2 Nf6 5. O-O Be7 6. c4 O-O 7. Nc3 d5 8. Ne5
Nbd7 9. Bg5 h6 10. Bf4 Rc8 11. Rc1 c5 12. Nxd7 Qxd7 13. cxd5 Nxd5 14. Nxd5 Bxd5
15. dxc5 Bxc5 16. Bxd5 exd5 17. Qd3 Rcd8 18. Rfd1 Qe6 19. Rc2 d4 20. a3 a5 21.
Qc4 Qe7 22. Rcd2 g5 23. b4 axb4 24. axb4 Bxb4 25. Rxd4 gxf4 26. Rxd8 Rxd8 27.
Rxd8+ Qxd8 28. Qxb4 fxg3 29. hxg3 Kg7 30. Qg4+ Qg5 31. Qd4+ Qf6 32. Qg4+ Qg6
33. Qd4+ Kh7 34. Qb2 Qc6 35. Qb1+ Kg8 36. Qd3 b5 37. Qd8+ Kg7 38. Qd4+ Qf6 39.
Qg4+ Qg6 40. Qd4+ Kh7 41. Qd5 b4 42. Qb3 1/2-1/2

[Event "12.PSF-B"]
[Site "Prague"]
[Date "2016.06.22"]
[Round "5.7"]
[White "Zednik, Petr"]
[Black "Rimovsky, Pavel"]
[Result "0-1"]
[WhiteElo "1563"]
[BlackElo "1422"]
[PlyCount "74"]
[EventDate "2016.06.25"]
[EventType "swiss"]
[EventRounds "9"]
[EventCountry "CZE"]

1. e4 d6 2. d4 Nd7 3. Bc4 Ngf6 4. Nc3 g6 5. Nf3 Nb6 6. Bb3 Bg4 7. Bg5 Bg7 8.
O-O h6 9. Bh4 g5 10. Bg3 Bh5 11. Re1 e6 12. e5 dxe5 13. dxe5 Nfd7 14. Re3 Qe7
15. Qe2 a6 16. Rd1 Bg6 17. Rd2 O-O 18. Nd4 c5 19. Nf3 Rfd8 20. Ne4 Bxe4 21.
Rxe4 Nc8 22. c3 b5 23. Bc2 Ndb6 24. a4 Rxd2 25. Nxd2 Qd7 26. axb5 Qxb5 27. Qxb5
axb5 28. Re1 Ne7 29. Ne4 Nd7 30. Nd6 b4 31. cxb4 cxb4 32. Nc4 Rc8 33. Bb3 Ng6
34. f3 Nc5 35. Nd6 Ra8 36. Bc4 Nd7 37. Nxf7 Kxf7 0-1

[Event "12.PSF-B"]
[Site "Prague"]
[Date "2016.06.22"]
[Round "5.8"]
[White "Plate, Marion Helga"]
[Black "Zabehlicky, Jiri"]
[Result "1/2-1/2"]
[WhiteElo "1276"]
[BlackElo "1497"]
[PlyCount "85"]
[EventDate "2016.06.25"]
[EventType "swiss"]
[EventRounds "9"]
[EventCountry "CZE"]

1. d4 f5 2. g3 Nf6 3. c4 e6 4. Nc3 Be7 5. Bg2 O-O 6. Nf3 d6 7. O-O c6 8. Qc2
Qe8 9. Re1 a5 10. a3 Qh5 11. Bf4 d5 12. cxd5 exd5 13. Qb3 Kh8 14. Rac1 h6 15.
Na4 Nbd7 16. Nc5 Nxc5 17. dxc5 Ne4 18. Be3 Bf6 19. Bd4 Bxd4 20. Nxd4 Qf7 21. f3
Ng5 22. e3 Ne6 23. Re2 Ng5 24. Rf1 Qe7 25. Qc2 Be6 26. h4 Nh7 27. Bh3 Qf7 28.
e4 dxe4 29. fxe4 Qg8 30. exf5 Bc4 31. f6 Nxf6 32. Be6 Bxe6 33. Nxe6 Rfe8 34.
Rfe1 Qf7 35. Kg2 Re7 36. Nf4 Rxe2+ 37. Rxe2 Re8 38. Ng6+ Kg8 39. Ne5 Qd5+ 40.
Nf3 Rxe2+ 41. Qxe2 Qxc5 42. Qe6+ Kh7 43. Qb3 1/2-1/2

[Event "12.PSF-B"]
[Site "Prague"]
[Date "2016.06.22"]
[Round "5.9"]
[White "Engel, Tomas"]
[Black "Korsinskij, Nikolas"]
[Result "0-1"]
[WhiteElo "1469"]
[BlackElo "1408"]
[PlyCount "32"]
[EventDate "2016.06.25"]
[EventType "swiss"]
[EventRounds "9"]
[EventCountry "CZE"]

1. e4 e5 2. Nf3 Nc6 3. Bb5 Nf6 4. O-O Bc5 5. Re1 d6 6. h3 Be6 7. c3 Qd7 8. d4
Bb6 9. d5 Bxh3 10. dxc6 bxc6 11. Bf1 Qg4 12. Ng5 Qh4 13. Nxh3 Ng4 14. Re2 Qg3
15. Bf4 exf4 16. Re3 Qh2# 0-1

[Event "12.PSF-B"]
[Site "Prague"]
[Date "2016.06.22"]
[Round "5.10"]
[White "Zubek, Rudolf"]
[Black "Husa, Daniel"]
[Result "0-1"]
[WhiteElo "1423"]
[BlackElo "1392"]
[PlyCount "62"]
[EventDate "2016.06.25"]
[EventType "swiss"]
[EventRounds "9"]
[EventCountry "CZE"]

1. d4 c5 2. d5 e5 3. dxe6 fxe6 4. e4 d5 5. e5 Nc6 6. Be2 Nxe5 7. Bb5+ Bd7 8.
Bxd7+ Qxd7 9. Qh5+ Ng6 10. Nf3 Bd6 11. O-O Nf6 12. Ne5 Nxh5 13. Nxd7 Kxd7 14.
Bg5 Be7 15. Bd2 Nf6 16. f3 Rac8 17. Nc3 a6 18. Ne2 Bd6 19. Rad1 Rhe8 20. g3 e5
21. Bg5 d4 22. Bxf6 gxf6 23. c3 Rc7 24. c4 b5 25. b3 bxc4 26. bxc4 Rb7 27. f4
exf4 28. gxf4 Rxe2 29. f5 Rbb2 30. fxg6 Rg2+ 31. Kh1 Rxh2+ 0-1

[Event "12.PSF-B"]
[Site "Prague"]
[Date "2016.06.22"]
[Round "5.11"]
[White "Bara, Josef"]
[Black "Hosova, Sandra"]
[Result "1-0"]
[WhiteElo "1437"]
[BlackElo "1080"]
[PlyCount "57"]
[EventDate "2016.06.25"]
[EventType "swiss"]
[EventRounds "9"]
[EventCountry "CZE"]

1. d4 d5 2. c4 Nf6 3. cxd5 Nxd5 4. e4 Nb6 5. Nc3 Nc6 6. Nf3 Bg4 7. Bb5 e6 8. d5
exd5 9. exd5 Nxd5 10. Nxd5 a6 11. Qe2+ Be6 12. Bxc6+ bxc6 13. Nc3 Bb4 14. Bd2
Qd7 15. O-O Kd8 16. Rad1 Kc8 17. a3 Bd6 18. Ne5 Qd8 19. Nxc6 Qh4 20. g3 Qh3 21.
Qe4 Bf5 22. Ne7+ Bxe7 23. Qxa8+ Kd7 24. Bf4+ Ke6 25. Qc6+ Bd6 26. Rxd6+ Ke7 27.
Re1+ Be6 28. Nd5+ Kf8 29. Qa8+ 1-0

[Event "12.PSF-B"]
[Site "Prague"]
[Date "2016.06.22"]
[Round "5.12"]
[White "Kucera, Josef"]
[Black "Vavrova, Jirina"]
[Result "1-0"]
[WhiteElo "1739"]
[BlackElo "1051"]
[PlyCount "87"]
[EventDate "2016.06.25"]
[EventType "swiss"]
[EventRounds "9"]
[EventCountry "CZE"]

1. Nf3 Nf6 2. g3 b6 3. Bg2 Bb7 4. O-O e6 5. d3 Be7 6. e4 d6 7. b3 c5 8. Bb2 O-O
9. Nc3 d5 10. e5 Nh5 11. Nd2 g6 12. Ne2 Nd7 13. c4 dxc4 14. Bxb7 Rb8 15. Be4
cxd3 16. Bxd3 f6 17. Bc4 Kh8 18. Bxe6 Nxe5 19. f4 Nd3 20. Bc3 Qd6 21. Bg4 Qd5
22. Bf3 Qd7 23. Ne4 Rbd8 24. Qc2 Nb4 25. Qb2 Nd3 26. Qb1 Kg7 27. Rd1 Qb5 28. a4
Qc6 29. Ng5 Qd7 30. Ra2 Kg8 31. Ne4 f5 32. Nf2 Bf6 33. Qxd3 Qe7 34. Qc4+ Kh8
35. Rad2 Bxc3 36. Qxc3+ Nf6 37. Qe5 Qxe5 38. fxe5 Rxd2 39. Rxd2 Ne8 40. Rd7 h5
41. Nf4 Rg8 42. Ne6 Ng7 43. Ng5 Ne8 44. Rh7# 1-0

[Event "12.PSF-B"]
[Site "Prague"]
[Date "2016.06.22"]
[Round "5.13"]
[White "Sebek, Pavel"]
[Black "Rous, Dominik"]
[Result "1-0"]
[WhiteElo "1612"]
[BlackElo "1224"]
[PlyCount "133"]
[EventDate "2016.06.25"]
[EventType "swiss"]
[EventRounds "9"]
[EventCountry "CZE"]

1. e4 d6 2. d4 g6 3. Be2 Bg7 4. Be3 Nd7 5. Nf3 Nb6 6. Nc3 Nf6 7. O-O d5 8. e5
Nfd7 9. Qd2 Nc4 10. Bxc4 dxc4 11. b3 cxb3 12. axb3 e6 13. Nb5 a6 14. Qa5 Nb6
15. Qd2 O-O 16. Rfd1 axb5 17. Rxa8 Nxa8 18. d5 exd5 19. c4 c6 20. cxb5 cxb5 21.
h3 Be6 22. Bh6 Qd7 23. Bxg7 Kxg7 24. Ng5 Rd8 25. Qd4 Qc6 26. Qh4 Rh8 27. Qf4
Qc2 28. Qf6+ Kg8 29. Ra1 Qc8 30. Ra5 Nc7 31. Ra1 h6 32. Nxe6 Qxe6 33. Qd8+ Ne8
34. Ra8 Kg7 35. f4 Rg8 36. g4 f6 37. exf6+ Nxf6 38. Qc7+ Qd7 39. Rxg8+ Kxg8 40.
Qe5 Kg7 41. Kg2 Kf7 42. Kg3 Qe6 43. Qc7+ Qd7 44. Qe5 d4 45. g5 hxg5 46. fxg5 d3
47. Qxf6+ Ke8 48. Qxg6+ Kd8 49. Qf6+ Kc8 50. Qc3+ Kd8 51. Qd2 Qf5 52. h4 Qe5+
53. Kf2 Qh2+ 54. Ke3 Qxh4 55. Qxd3+ Kc7 56. Qxb5 Qg3+ 57. Kd4 Qf4+ 58. Kc3 Qc1+
59. Kb4 Qf4+ 60. Qc4+ Qxc4+ 61. bxc4 Kd6 62. g6 Ke7 63. Kb5 Kf6 64. Kb6 Kxg6
65. Kxb7 Kf6 66. c5 Ke6 67. c6 1-0

[Event "12.PSF-B"]
[Site "Prague"]
[Date "2016.06.22"]
[Round "5.14"]
[White "Korsinskij, Marek"]
[Black "Zacek, Petr"]
[Result "0-1"]
[WhiteElo "1378"]
[BlackElo "1584"]
[PlyCount "88"]
[EventDate "2016.06.25"]
[EventType "swiss"]
[EventRounds "9"]
[EventCountry "CZE"]

1. e4 d5 2. exd5 Nf6 3. Nc3 Nxd5 4. Nf3 Bf5 5. Bc4 e6 6. O-O Be7 7. Re1 Nc6 8.
d4 O-O 9. Bxd5 exd5 10. Bf4 Re8 11. a3 a6 12. Ne5 Bf6 13. Qd2 Ne7 14. Re3 Be6
15. Rae1 Nf5 16. R3e2 c6 17. Na4 Nd6 18. Nc5 Bxe5 19. Bxe5 Nc4 20. Qc3 Nxe5 21.
Rxe5 Qc8 22. f4 b6 23. Na4 Rb8 24. Qe3 Bd7 25. Rxe8+ Bxe8 26. Nxb6 Qd8 27. Qe7
Qxe7 28. Rxe7 Kf8 29. Nd7+ Bxd7 30. Rxd7 Rxb2 31. Ra7 Rxc2 32. Rxa6 Ke7 33.
Ra7+ Kf6 34. g4 h6 35. h4 Kg6 36. f5+ Kf6 37. g5+ hxg5 38. hxg5+ Kxf5 39. Rxf7+
Kxg5 40. Rxg7+ Kf4 41. Rg2 Rxg2+ 42. Kxg2 Ke4 43. Kf2 Kxd4 44. Ke2 Kc3 0-1

[Event "12.PSF-B"]
[Site "Prague"]
[Date "2016.06.23"]
[Round "6.1"]
[White "Koper, Stefan"]
[Black "Novy, Filip"]
[Result "0-1"]
[WhiteElo "1872"]
[BlackElo "1966"]
[PlyCount "78"]
[EventDate "2016.06.25"]
[EventType "swiss"]
[EventRounds "9"]
[EventCountry "CZE"]

1. d4 Nf6 2. c4 e6 3. Nf3 c5 4. d5 exd5 5. cxd5 d6 6. Nc3 g6 7. Bf4 Bg7 8. e3
O-O 9. Be2 Bg4 10. h3 Bxf3 11. Bxf3 a6 12. a4 Qc7 13. g4 Nbd7 14. h4 Ne5 15.
Be2 Nfd7 16. h5 Rac8 17. a5 c4 18. hxg6 hxg6 19. Bh6 Nc5 20. Bxg7 Kxg7 21. f4
Ned3+ 22. Bxd3 Nxd3+ 23. Ke2 Rfe8 24. Kf3 Qc5 25. Qd2 Rc7 26. Ne4 Qxd5 27. Qc3+
Kf8 28. Rh8+ Ke7 29. Qf6+ Kd7 30. Rxe8 Kxe8 31. Qxd6 Qxd6 32. Nxd6+ Ke7 33. Ne4
Nxb2 34. Nc3 Kd6 35. e4 Nd3 36. Ke3 Nc5 37. e5+ Kc6 38. Rd1 Nb3 39. Rd6+ Kc5 {
cas} 0-1

[Event "12.PSF-B"]
[Site "Prague"]
[Date "2016.06.23"]
[Round "6.2"]
[White "Kalvach, Ladislav"]
[Black "Magsumov, Rinat"]
[Result "1/2-1/2"]
[WhiteElo "1777"]
[BlackElo "1599"]
[PlyCount "214"]
[EventDate "2016.06.25"]
[EventType "swiss"]
[EventRounds "9"]
[EventCountry "CZE"]

1. e4 d5 2. exd5 Qxd5 3. Nc3 Qd6 4. Bc4 Nf6 5. Nge2 e5 6. O-O Be7 7. d4 exd4 8.
Bf4 Qc5 9. Qxd4 c6 10. Rfe1 O-O 11. Rad1 Bf5 12. Bb3 Nbd7 13. Ng3 Bg6 14. Rxe7
Qxe7 15. Bd6 Qe8 16. Bxf8 Nxf8 17. Qd6 Qd7 18. f3 Rd8 19. Qxd7 Rxd7 20. Re1 Rd2
21. Re2 Rxe2 22. Ncxe2 h6 23. Kf2 N8d7 24. Nf4 Bh7 25. Ke3 Nc5 26. Kd4 Nxb3+
27. cxb3 Kf8 28. b4 Ke7 29. Ngh5 g5 30. Nxf6 Kxf6 31. Nh5+ Ke6 32. Ng7+ Kd6 33.
Nh5 Bb1 34. a3 b6 35. Nf6 Bc2 36. g3 c5+ 37. bxc5+ bxc5+ 38. Kc4 Bd1 39. Ne4+
Kc6 40. Nxc5 Bxf3 41. b4 a6 42. Kd4 Kb5 43. Kc3 h5 44. a4+ Kb6 45. Kd4 a5 46.
Nd7+ Kc7 47. Ne5 Bd1 48. bxa5 f6 49. Nd3 Bxa4 50. Nc5 Bc6 51. Ne4 h4 52. Nxf6
hxg3 53. hxg3 Kb7 54. Ne4 Ka6 55. Nxg5 Kxa5 56. Ke5 Ba4 57. Nf3 Bd1 58. Kf4 Kb6
59. g4 Kc7 60. g5 Bc2 61. Ke5 Kd7 62. Kf6 Ke8 63. Kg7 Be4 64. Ne5 Bc2 65. Ng4
Bb1 66. Nf6+ Ke7 67. Nd5+ Ke8 68. Nf6+ Ke7 69. Nh7 Ke8 70. Nf8 Ke7 71. Ng6+ Ke8
72. Kf6 Bc2 73. Nh4 Kf8 74. Nf3 Kg8 75. Nd4 Bb1 76. Nc6 Kh7 77. Ne7 Bc2 78. Kf7
Bb1 79. Kf8 Bg6 80. Nd5 Bh5 81. Nf4 Bg6 82. Ke7 Bb1 83. Kf7 Ba2+ 84. Kf6 Bb1
85. Nd5 Bc2 86. Ne3 Bg6 87. Nf5 Bh5 88. Ng7 Bg6 89. Ne6 Bb1 90. Nf8+ Kg8 91.
Ng6 Bc2 92. Ne7+ Kh7 93. Kf7 Bb3+ 94. Kf8 Bc2 95. Kf7 Bb1 96. Kf6 Bc2 97. Nc6
Bb1 98. Nb8 Bc2 99. Nd7 Bb1 100. Ne5 Bc2 101. Nd7 Bb1 102. Nf8+ Kg8 103. Ng6
Bc2 104. Nh4 Bh7 105. Nf5 Kf8 106. Nh6 Bb1 107. Nf5 Kg8 1/2-1/2

[Event "12.PSF-B"]
[Site "Prague"]
[Date "2016.06.23"]
[Round "6.3"]
[White "Kuhnmund, Ivan"]
[Black "Fiala, Jiri"]
[Result "1-0"]
[WhiteElo "1703"]
[BlackElo "1934"]
[PlyCount "83"]
[EventDate "2016.06.25"]
[EventType "swiss"]
[EventRounds "9"]
[EventCountry "CZE"]

1. e4 c5 2. Nf3 e6 3. c4 Nc6 4. d4 cxd4 5. Nxd4 Bb4+ 6. Nc3 Nf6 7. Nc2 Bxc3+ 8.
bxc3 Qa5 9. f3 O-O 10. Bd2 d5 11. cxd5 exd5 12. c4 Qc5 13. cxd5 Nd4 14. Nxd4
Qxd4 15. Rc1 Bd7 16. Rc4 Qb6 17. Qb3 Rfe8 18. Be2 Qxb3 19. axb3 Bb5 20. Rd4
Bxe2 21. Kxe2 Rad8 22. Kd3 Nd7 23. Bg5 f6 24. Bh4 Ne5+ 25. Kd2 Rd7 26. Bg3 Nf7
27. Rc1 g5 28. Rc7 Red8 29. Rxd7 Rxd7 30. h4 h6 31. h5 Ne5 32. Bxe5 fxe5 33.
Rc4 Rf7 34. Rc8+ Kg7 35. Re8 b5 36. Rxe5 a5 37. Kc3 Rc7+ 38. Kb2 Ra7 39. Ka3
Kf7 40. Re6 Kg7 41. Rg6+ Kf7 42. Rxh6 1-0

[Event "12.PSF-B"]
[Site "Prague"]
[Date "2016.06.23"]
[Round "6.4"]
[White "Schoppe, Christian"]
[Black "Rousek, Jan"]
[Result "0-1"]
[WhiteElo "1633"]
[BlackElo "1421"]
[PlyCount "80"]
[EventDate "2016.06.25"]
[EventType "swiss"]
[EventRounds "9"]
[EventCountry "CZE"]

1. f4 d5 2. Nf3 Nf6 3. e3 e6 4. c3 Be7 5. d3 c5 6. a4 O-O 7. Be2 Nc6 8. Bd2 b6
9. Na3 Bb7 10. Nc2 Rc8 11. O-O Rc7 12. b4 cxb4 13. cxb4 Qc8 14. b5 Nb8 15. Nb4
a5 16. bxa6 Nxa6 17. Nxa6 Bxa6 18. Nd4 Bc5 19. Nb5 Bxb5 20. axb5 Qd7 21. Qb3
Rfc8 22. Rfc1 d4 23. e4 Nxe4 24. dxe4 d3+ 25. Rxc5 Qd4+ 26. Kf1 Qxa1+ 27. Bd1
Rxc5 28. Kf2 Ra8 29. Ke3 Rd8 30. g4 Qd4+ 31. Kf3 Rc4 32. e5 Qe4+ 33. Kg3 Qd4
34. h4 Qg1+ 35. Kh3 Rcd4 36. Bf3 Rc8 37. Bc6 h6 38. Qa3 g5 39. Qe7 gxf4 40.
Bxf4 Rxf4 0-1

[Event "12.PSF-B"]
[Site "Prague"]
[Date "2016.06.23"]
[Round "6.5"]
[White "Husa, Daniel"]
[Black "Krnak, Vladimir"]
[Result "0-1"]
[WhiteElo "1392"]
[BlackElo "1720"]
[PlyCount "32"]
[EventDate "2016.06.25"]
[EventType "swiss"]
[EventRounds "9"]
[EventCountry "CZE"]

1. b3 Nf6 2. Bb2 c5 3. c4 Nc6 4. e3 d5 5. cxd5 Nxd5 6. Nf3 Bf5 7. Be2 Bg6 8.
Nh4 e6 9. Nxg6 hxg6 10. O-O Qh4 11. h3 O-O-O 12. Nc3 Nxc3 13. Bxc3 Rd5 14. Bf3
Rg5 15. Kh2 Bd6+ 16. Kg1 Qxh3 0-1

[Event "12.PSF-B"]
[Site "Prague"]
[Date "2016.06.23"]
[Round "6.6"]
[White "Ruzicka, Vaclav"]
[Black "Korsinskij, Nikolas"]
[Result "0-1"]
[WhiteElo "1635"]
[BlackElo "1408"]
[PlyCount "42"]
[EventDate "2016.06.25"]
[EventType "swiss"]
[EventRounds "9"]
[EventCountry "CZE"]

1. d4 d5 2. c4 e5 3. dxe5 d4 4. Nf3 Nc6 5. Na3 Bf5 6. Nb5 Bc5 7. Bg5 f6 8. exf6
Nxf6 9. Qa4 O-O 10. O-O-O a6 11. Nbxd4 Nxd4 12. Nxd4 Bxd4 13. e3 Bxb2+ 14. Kxb2
Qe7 15. Bd3 Bxd3 16. Bxf6 Qxf6+ 17. Ka3 b5 18. Qb4 bxc4 19. f3 Rfb8 20. Qd2
Qd6+ 21. Ka4 a5 0-1

[Event "12.PSF-B"]
[Site "Prague"]
[Date "2016.06.23"]
[Round "6.7"]
[White "Rimovsky, Pavel"]
[Black "Vitek, Jan"]
[Result "1/2-1/2"]
[WhiteElo "1422"]
[BlackElo "1775"]
[PlyCount "22"]
[EventDate "2016.06.25"]
[EventType "swiss"]
[EventRounds "9"]
[EventCountry "CZE"]

1. Nf3 d5 2. g3 e6 3. Bg2 f5 4. b3 Nf6 5. Bb2 Bd6 6. d4 c6 7. Nbd2 Nbd7 8. Ne5
Qc7 9. Ndf3 O-O 10. O-O Ne4 11. e3 b5 1/2-1/2

[Event "12.PSF-B"]
[Site "Prague"]
[Date "2016.06.23"]
[Round "6.8"]
[White "Kosar, Milan"]
[Black "Plate, Marion Helga"]
[Result "1-0"]
[WhiteElo "1668"]
[BlackElo "1276"]
[PlyCount "97"]
[EventDate "2016.06.25"]
[EventType "swiss"]
[EventRounds "9"]
[EventCountry "CZE"]

1. e4 d6 2. d4 g6 3. f4 Nf6 4. Nc3 Bg7 5. Nf3 O-O 6. Be2 b6 7. e5 dxe5 8. dxe5
Qxd1+ 9. Bxd1 Nfd7 10. Nd5 Na6 11. Nxe7+ Kh8 12. Nd5 c6 13. Nc3 Ndc5 14. O-O
Bf5 15. Nd4 Bd7 16. Bf3 Rac8 17. Be3 f6 18. exf6 Rxf6 19. Rad1 Nb8 20. g3 Re8
21. Rfe1 Ne6 22. Ne4 Nxd4 23. Bxd4 Rfe6 24. Bxg7+ Kxg7 25. Kf2 c5 26. Bg4 R6e7
27. Bxd7 Rxd7 28. Rxd7+ Nxd7 29. Nd6 Rxe1 30. Kxe1 Kf6 31. Ke2 h5 32. Kf3 Ke6
33. Nc4 a5 34. h3 a4 35. g4 b5 36. Nd2 c4 37. Ne4 Kd5 38. Ng5 b4 39. Nf7 b3 40.
cxb3 Ke6 41. Ng5+ Kd5 42. bxa4 Kd4 43. Ne4 Kd3 44. Nd6 Nc5 45. a5 Na4 46. a6
Nxb2 47. a7 c3 48. a8=Q c2 49. Qe4+ 1-0

[Event "12.PSF-B"]
[Site "Prague"]
[Date "2016.06.23"]
[Round "6.9"]
[White "Zabehlicky, Jiri"]
[Black "Bara, Josef"]
[Result "1/2-1/2"]
[WhiteElo "1497"]
[BlackElo "1437"]
[PlyCount "72"]
[EventDate "2016.06.25"]
[EventType "swiss"]
[EventRounds "9"]
[EventCountry "CZE"]

1. c4 e6 2. g3 d5 3. Bg2 Nf6 4. Nc3 c6 5. e3 Nbd7 6. b3 Nb6 7. cxd5 cxd5 8.
Nge2 Be7 9. O-O O-O 10. Bb2 Nbd7 11. d4 b6 12. Rc1 Ba6 13. Re1 Rc8 14. a3 Nb8
15. Nf4 Bd6 16. Nd3 Nc6 17. Bf1 Bb7 18. Re2 Qe7 19. Nb5 Rfe8 20. Nxd6 Qxd6 21.
Rec2 Na5 22. Rxc8 Rxc8 23. Rxc8+ Bxc8 24. Nb4 Bb7 25. Qc2 h6 26. Bd3 Nc6 27.
Nxc6 Bxc6 28. b4 Qd7 29. Qe2 b5 30. f3 a6 31. Qc2 Bb7 32. Qc5 Ne8 33. Qc2 Nf6
34. Bc1 Qc6 35. Qc5 Nd7 36. Qxc6 Bxc6 1/2-1/2

[Event "12.PSF-B"]
[Site "Prague"]
[Date "2016.06.23"]
[Round "6.10"]
[White "Palla, Ivan"]
[Black "Kucera, Josef"]
[Result "0-1"]
[WhiteElo "1558"]
[BlackElo "1739"]
[PlyCount "65"]
[EventDate "2016.06.25"]
[EventType "swiss"]
[EventRounds "9"]
[EventCountry "CZE"]

1. Nf3 g6 2. g3 Bg7 3. Bg2 Nf6 4. O-O O-O 5. c4 c5 6. Nc3 Nc6 7. d4 cxd4 8.
Nxd4 Qb6 9. Nb3 Ne5 10. c5 Qa6 11. Ne4 Nxe4 12. Bxe4 Nc4 13. Qc2 Qe6 14. Bg2 a5
15. Nd2 Nxd2 16. Qxd2 Qe5 17. Qc2 a4 18. a3 Ra5 19. Be3 Qxb2 20. Qxb2 Bxb2 21.
Rab1 Bxa3 22. Bxb7 Bxc5 23. Bh6 Re8 24. Bf3 Bd6 25. Bd2 Ra7 26. Bb4 Bxb4 27.
Rxb4 d6 28. Bc6 Rd8 29. Ra1 Bh3 30. f4 a3 31. Ra4 Rc7 32. Bf3 Rdc8 33. R4xa3
0-1